00625cam a22002171 4500001001300000003000400013005001700017008004100034010001700075035002000092040001800112050001900130100002900149245005000178260001100228300003200239500001400271504005500285504003300340600003400373sa 66001697 DLC20260227112223.0900105s1965 ii b 000 0 hino  asa 66001697  a(OCoLC)20851250 aDLCcWaUdDLC00aBL1270.G4bS541 aSharma, Ram Nath,d1931-10aŚrī Aravinda kā sarvāṅga darśana. c[1965] aiii, xx, 189, ii p.c23 cm. aIn Hindi. aList of the author's works: p. [i]-ii (last group) aBibliography: p. [181]-[184]10aGhose, Aurobindo,d1872-1950.